000 00820cam a2200253 4500
001 ABS64459
008 010830n2001 000 0 eng u
035 _a(Sirsi) u114395
100 _aLeeson, J
245 _aPiling on the pressure
260 _c2001
490 _aMining Quarrying and Recycling
_v30(6) July/August 2001, 26-32(5)
520 _aOutlines the main requirements of the Landfill Directive, implemented in July 2001. Looks at the effect of the directive on the waste and minerals industries.
590 _aABS
650 _aLANDFILL SITES
650 _aRECYCLING
650 _aWASTE INDUSTRY
650 _aMINERAL INDUSTRY
650 _aEU DIRECTIVES
650 _aDIRECTIVE 99/31/EC
650 _aQUARRIES
690 _aENVIRONMENTAL AND LAND CONSULTANCY-WASTE MANAGEMENT
942 _n0
999 _c68128
_d68128